000 00787nas a2200253 4500
001 BR2016001089
003 BR-BrBNA
005 20231205130207.0
007 ta
008 230509b bl.|||p| |||| 00| 00por d
040 _aBR-BrBNA
_bpor
_cBiblioteca Nacional de Agricultura
041 _a(Pt)
072 _aP36
100 1 _aMora, F.
100 1 _aBacellar, L.A.P.
100 1 _aSobreira, F.G.
245 1 _aAnálise da erodibilidade de saprolitos de gnaisse
650 _aSOLO
650 _aEROSÃO HÍDRICA
773 0 _tRevista Brasileira de Ciência do Solo (Brazil)
_xISSN 1806-9657
_g(Nov-Dec 2004), v. 28(6) p. 1055-1062
_wBR2016001089
856 4 0 _uhttp://www.scielo.br/pdf/rbcs/v28n6/22927.pdf
909 _a202311
_bLúcia
_c55
_dLúcia Elande
942 _2AGRIS
_n0
_cANA
999 _c248194
_d248194